All Disneyworld Rides - Statistics

General Stats
  • This quiz has been taken 96 times
  • The average score is 17 of 47
Answer Stats
Hint Answer % Correct
MK space mountain
78%
MK big thunder mountain
70%
MK splash mountain
70%
HS tower of terror
62%
MK haunted Mansion
57%
MK peter pan
56%
MK buzz lightyear
52%
MK dumbo
52%
AK expedition everest
52%
MK jungle cruise
52%
MK pirates of the caribbean
52%
MK small world
52%
epcot soarin
49%
epcot test track
49%
MK carousel
43%
AK dinosaur
43%
AK flight of passage
43%
MK seven dwarfs mine train
43%
MK winnie the pooh
43%
MK peoplemover
42%
MK astro orbiter
39%
HS rise of the resistance
36%
HS rockin roller coaster
35%
epcot spaceship earth
35%
MK barnstormer
34%
epcot mission space
34%
HS slinky dog dash
34%
HS star tours
34%
AK kali river rapids
32%
AK na'vi river journey
30%
HS toy story mania
30%
epcot frozen ever after
27%
epcot living with the land
27%
AK kilimanjaro safari
25%
MK magic carpets
25%
MK carousel of progress
23%
epcot guardians of the galaxy
23%
epcot figment
21%
MK mad tea party
21%
MK under the sea
19%
MK tomorrowland speedway
18%
epcot the seas with nemo
14%
epcot remys ratatouille adventure
10%
AK triceratop spin
9%
epcot grand fiesta tour
5%
HS mickey and minnies runaway railroad
5%
HS swirling saucers
5%
No matching quizzes found
Score Distribution
Percent of People with Each Score
Percentile by Number Answered
Your Score History
You have not taken this quiz